000 00492nam a2200181Ia 4500
001 4141
005 20260306145734.0
008 260306t2015||||xx |||||||||||||| ||spa||
041 _aESP
082 _a306.85
_bT58
100 _aPliego Carrasco, Fernando
_eAUT
245 0 _aTipos de familia y bienestar de niños y adultos:
_bel debate cultural del siglo XXI en 13 países democráticos
260 _c2015
300 _a
_c
650 _aGEN
654 _aCED
942 _cLIB
_dJUS
_fJUS
_2ddc
_n
999 _c4141
_d4141